[Event "Barcelona Tupinamba op-A 14th"]
[Site "Barcelona"]
[Date "2019.06.05"]
[Round "9.6"]
[White "Dominguez Rueda, Juan"]
[Black "Seca Carol, Ruben"]
[Result "1-0"]
[WhiteElo "2094"]
[BlackElo "1958"]
[PlyCount "45"]
[EventDate "2019.03.27"]
[EventType "swiss"]
[EventRounds "9"]
[EventCountry "ESP"]
[SourceTitle "EXT 2024"]
[Source "ChessBase"]
[SourceDate "2023.10.10"]
[SourceVersion "1"]
[SourceVersionDate "2023.10.10"]
[SourceQuality "1"]

1. e4 e6 2. d4 d5 3. Nd2 Nf6 4. e5 Nfd7 5. Bd3 c5 6. c3 Nc6 7. Ne2 Qb6 8. Nf3 cxd4 9. cxd4 Be7 10. 0-0 0-0 11. a3 Re8 12. b4 a6 13. Be3 f6 14. Nf4 Nf8 15. Qd2 Bd7 16. Nh5 fxe5 17. dxe5 Qc7 18. Rac1 Qb8 19. Bh6 Nxe5 20. Bxg7 Nxd3 21. Qxd3 Ng6 22. Qd4 Qa7 23. Qb2 1-0

[Event "Barcelona Tupinamba op-A 14th"]
[Site "Barcelona"]
[Date "2019.04.10"]
[Round "3.4"]
[White "Seca Carol, Ruben"]
[Black "Garcia Gil, Javier"]
[Result "0-1"]
[WhiteElo "1958"]
[BlackElo "2127"]
[PlyCount "90"]
[EventDate "2019.03.27"]
[EventType "swiss"]
[EventRounds "9"]
[EventCountry "ESP"]
[SourceTitle "EXT 2024"]
[Source "ChessBase"]
[SourceDate "2023.10.10"]
[SourceVersion "1"]
[SourceVersionDate "2023.10.10"]
[SourceQuality "1"]

1. e4 c6 2. d4 d5 3. Nc3 dxe4 4. Nxe4 Bf5 5. Ng3 Bg6 6. Bc4 e6 7. N1e2 Bd6 8. Bf4 Ne7 9. Qd2 Nd5 10. Bxd6 Qxd6 11. c3 Nd7 12. h4 h6 13. h5 Bh7 14. Bd3 Bxd3 15. Qxd3 N7f6 16. Ne4 Nxe4 17. Qxe4 a5 18. Qe5 Qxe5 19. dxe5 a4 20. a3 Ra5 21. Rh4 Ke7 22. 0-0-0 Rc8 23. Rd3 Nc7 24. Re4 Na6 25. Rg3 Nc5 26. Rb4 Rd8 27. Kc2 Kf8 28. f4 Raa8 29. Rd4 Rd7 30. Rxd7 Nxd7 31. Rd3 Ke7 32. Ng3 Nc5 33. Rd4 f6 34. Ne4 fxe5 35. fxe5 Nd7 36. Rb4 b5 37. c4 Rb8 38. cxb5 cxb5 39. Nc3 Rf8 40. Rxb5 Rf2+ 41. Kd3 Rxg2 42. Nxa4 Rg4 43. b3 Rh4 44. Rb7 Kd8 45. Nb6 Nc5+ 0-1

[Event "Barcelona Tupinamba op 12th"]
[Site "Barcelona"]
[Date "2017.04.19"]
[Round "4.7"]
[White "Poblet Puig, Jordi"]
[Black "Seca Carol, Ruben"]
[Result "1-0"]
[WhiteElo "2051"]
[BlackElo "1823"]
[PlyCount "51"]
[EventDate "2017.03.22"]
[EventType "swiss"]
[EventRounds "9"]
[EventCountry "ESP"]
[SourceTitle "EXT 2024"]
[Source "ChessBase"]
[SourceDate "2023.10.10"]
[SourceVersion "1"]
[SourceVersionDate "2023.10.10"]
[SourceQuality "1"]

1. d4 Nf6 2. Bg5 Ne4 3. Bf4 c5 4. f3 Qa5+ 5. c3 Nf6 6. d5 d6 7. e4 Nbd7 8. Nd2 b5 9. a4 b4 10. Bb5 bxc3 11. bxc3 Qxc3 12. Ne2 Qa5 13. 0-0 g6 14. Nc4 Qc7 15. e5 dxe5 16. Bxe5 Qd8 17. Bxf6 exf6 18. Re1 Bh6 19. Nd4+ Kf8 20. Nc6 Qc7 21. d6 Qb7 22. Nd8 Qb8 23. Qd5 Ne5 24. Rxe5 Be6 25. Rxe6 Qxd8 26. Re7 1-0

[Event "Barcelona Tupinamba op 12th"]
[Site "Barcelona"]
[Date "2017.04.05"]
[Round "3.10"]
[White "Planella Sanchez, Jordi"]
[Black "Seca Carol, Ruben"]
[Result "0-1"]
[WhiteElo "1979"]
[BlackElo "1823"]
[PlyCount "112"]
[EventDate "2017.03.22"]
[EventType "swiss"]
[EventRounds "9"]
[EventCountry "ESP"]
[SourceTitle "EXT 2024"]
[Source "ChessBase"]
[SourceDate "2023.10.10"]
[SourceVersion "1"]
[SourceVersionDate "2023.10.10"]
[SourceQuality "1"]

1. d4 Nf6 2. Nf3 g6 3. Bf4 Bg7 4. Qd2 c5 5. Nc3 cxd4 6. Nxd4 a6 7. e4 d6 8. Bh6 Bxh6 9. Qxh6 Qb6 10. Nb3 Qxf2+ 11. Kxf2 Ng4+ 12. Kg3 Nxh6 13. Nd5 Kd8 14. Nb6 Ra7 15. Nxc8 Kxc8 16. Be2 Nc6 17. Rhf1 Kc7 18. Rad1 Raa8 19. a4 Rhf8 20. Bd3 Ne5 21. h3 f5 22. exf5 Nxd3 23. Rxd3 Nxf5+ 24. Kh2 h5 25. Rdf3 Rh8 26. Kg1 h4 27. Rf4 Rac8 28. c3 b5 29. axb5 axb5 30. Rb4 e5 31. Ra1 Rb8 32. Ra7+ Kc6 33. Ra6+ Kd7 34. Ra5 Rhf8 35. Nd2 g5 36. Nf3 Ng3 37. Ra7+ Kc6 38. Ra6+ Kc5 39. Nd2 Rf5 40. Ne4+ Nxe4 41. Rxe4 Rf4 42. b4+ Kd5 43. Re2 Rd8 44. Rd2+ Kc4 45. Rc6+ Kb3 46. Rd5 Rc4 47. Rb6 Kxc3 48. Rdxb5 d5 49. Kf2 Rf8+ 50. Kg1 Rd8 51. Kf2 e4 52. Re6 Rxb4 53. Rxb4 Kxb4 54. Ke3 d4+ 55. Kxe4 d3 56. Ke3 d2 0-1

[Event "Barcelona Puig Memorial op 2nd"]
[Site "Barcelona"]
[Date "2016.09.28"]
[Round "1"]
[White "Capellades Subirana, Marc"]
[Black "Seca Carol, Ruben"]
[Result "1-0"]
[WhiteElo "2225"]
[BlackElo "1837"]
[PlyCount "33"]
[EventDate "2016.09.28"]
[EventType "swiss"]
[EventRounds "9"]
[EventCountry "ESP"]
[SourceTitle "EXT 2018"]
[Source "ChessBase"]
[SourceDate "2017.10.13"]
[SourceVersion "1"]
[SourceVersionDate "2017.10.13"]
[SourceQuality "1"]

1. e4 e6 2. d4 d5 3. Nc3 Nf6 4. Bd3 dxe4 5. Nxe4 Nbd7 6. Nf3 Be7 7. Qe2 Nxe4 8. Qxe4 Nf6 9. Qe2 a6 10. 0-0 c5 11. dxc5 Bxc5 12. Bf4 Bd6 13. Ne5 Qc7 14. Rad1 Nd7 15. Nxf7 Bxf4 16. Nxh8 Nf6 17. Bxh7 1-0

[Event "Barcelona Tupinamba op 10th"]
[Site "Barcelona"]
[Date "2015.03.18"]
[Round "1"]
[White "Seca Carol, Ruben"]
[Black "Serrano Pertinez, Miquel"]
[Result "1/2-1/2"]
[WhiteElo "2011"]
[BlackElo "2264"]
[PlyCount "143"]
[EventDate "2015.03.18"]
[EventType "swiss"]
[EventRounds "9"]
[EventCountry "ESP"]
[SourceTitle "EXT 2016"]
[Source "ChessBase"]
[SourceDate "2015.10.08"]
[SourceVersion "1"]
[SourceVersionDate "2015.10.08"]
[SourceQuality "1"]

1. Nf3 c5 2. g3 d5 3. c3 Nc6 4. d4 e6 5. Bg2 Nf6 6. 0-0 Qb6 7. b3 a5 8. e3 Bd7 9. Ba3 Be7 10. Nbd2 0-0 11. Rc1 Rfd8 12. dxc5 Bxc5 13. Bxc5 Qxc5 14. Qe2 Qa3 15. Nb1 Qe7 16. c4 a4 17. Rfd1 axb3 18. axb3 Qb4 19. cxd5 Nxd5 20. Qc4 Qb6 21. Qc2 Ncb4 22. Qc5 Bc6 23. Qxb6 Nxb6 24. Rd4 Na2 25. Rcd1 Rdc8 26. Ne5 Bxg2 27. Kxg2 Nd5 28. Nc4 b5 29. Nd6 Rcb8 30. e4 Ndc3 31. Nxc3 Nxc3 32. R1d2 g6 33. Rb4 Ra6 34. e5 Rc6 35. Rc2 Rc5 36. f4 h6 37. Rc1 Rb6 38. Rc2 f6 39. Rc1 fxe5 40. fxe5 Rxe5 41. Nc8 Na2 42. Nxb6 Nxc1 43. Nc8 Nd3 44. Rd4 Re3 45. Nd6 Ne5 46. Rb4 Re2+ 47. Kf1 Rxh2 48. Rxb5 Nd3 49. Rb8+ Kg7 50. b4 Kf6 51. Kg1 Re2 52. b5 Kg5 53. b6 Kg4 54. Rg8 Kh3 55. Rf8 Re1+ 56. Rf1 Rxf1+ 57. Kxf1 Nc5 58. Ne4 Nb7 59. Kf2 Kg4 60. Kg2 h5 61. Nf2+ Kf5 62. Kf3 e5 63. g4+ hxg4+ 64. Nxg4 e4+ 65. Kg3 Nd6 66. Ne3+ Kg5 67. Nc4 Nb7 68. Ne3 Nc5 69. Nc4 Nb7 70. Ne3 Kf6 71. Kf4 Nc5 72. b7 1/2-1/2